书目信息 |
| 题名: |
西汉政区地理
|
|
| 作者: | 周振鹤 著 | |
| 分册: | ||
| 出版信息: | 北京 人民出版社 1987 |
|
| 页数: | 304页 | |
| 开本: | 20cm | |
| 丛书名: | ||
| 单 册: | ||
| 中图分类: | K928.6 , K928.2 | |
| 科图分类: | ||
| 主题词: | 政区-历史地理--中国--西汉时代 , 历史地理-政区--中国--西汉时代 , 地理--中国 | |
| 电子资源: | ||
| ISBN: | ||
| 000 | 00773nam0 2200289 45 | |
| 001 | 0187007971 | |
| 005 | 20040701102044.0 | |
| 010 | @dCNY2.10 | |
| 091 | @a11001.813 | |
| 100 | @a19900830d1987 kemy0chiy0121 ea | |
| 101 | 0 | @achi |
| 102 | @aCN@b110000 | |
| 105 | @afb z 000yy | |
| 106 | @ar | |
| 200 | 10 | @a西汉政区地理@Axi han zheng qu di li@f周振鹤著 |
| 210 | @a北京@c人民出版社@d1987 | |
| 215 | @a304页@c图及地图@d20cm | |
| 300 | @a附: 西汉郡国沿革表 | |
| 606 | @a政区-历史地理@y中国@z西汉时代 | |
| 606 | @a历史地理-政区@y中国@z西汉时代 | |
| 606 | 0 | @a地理@x中国 |
| 690 | @aK928.6@v3 | |
| 690 | @aK928.2 | |
| 701 | 0 | @a周振鹤@Azhou zhen he@4著 |
| 801 | 0 | @aCN@b深圳图书馆@c20040701 |
| 801 | 2 | @aCN@bNLC@c20040701 |
| 905 | @f1@b213755@dK928.2@e145 | |
| 西汉政区地理/周振鹤著.-北京:人民出版社,1987 |
| 304页:图及地图;20cm |
| 附: 西汉郡国沿革表 |
| ISBN :CNY2.10 |
| ● |
| 相关链接 |
|
|
|
|
正题名:西汉政区地理
索取号:K928.2/145
 
预约/预借
| 序号 | 登录号 | 条形码 | 馆藏地/架位号 | 状态 | 备注 |
| 1 | 0213755 | 001942018 | 第二借阅区/ [索取号:K928.2/145] | 在馆 | |
| 2 | 0213756 | 000080995 | 第二样本阅览室/ [索取号:K928.2/145] | 在馆 |